Central Library OPAC University of Rajshahi

শতাব্দীর প্রেক্ষিতে ভারতের আর্থিক বিকাশ / (Record no. 47118)

MARC details
000 -LEADER
fixed length control field 00931nam a2200241 a 4500
001 - CONTROL NUMBER
control field 47118
003 - CONTROL NUMBER IDENTIFIER
rucl marc code BD-RjUL
005 - DATE AND TIME OF LATEST TRANSACTION
control field 20211209054249.0
008 - FIXED-LENGTH DATA ELEMENTS--GENERAL INFORMATION
fixed length control field 160807s1988 bg ||||| |||| 00| 0 eng d
020 ## - INTERNATIONAL STANDARD BOOK NUMBER
International Standard Book Number 8170661323
Terms of availability : Tk.15.00
035 ## - SYSTEM CONTROL NUMBER
System control number (BD-RjUL)47237
040 ## - CATALOGING SOURCE
Original cataloging agency BD-RjUL
Language of cataloging ben
Transcribing agency BD-RjUL
041 ## - LANGUAGE CODE
Language code of text/sound track or separate title ben
082 ## - DEWEY DECIMAL CLASSIFICATION NUMBER
Edition number 23
Classification number 338.10954
Author mark and year DAI 1988
100 1# - MAIN ENTRY--PERSONAL NAME
Personal name দত্ত, অম্লান
9 (RLIN) 119885
245 1# - TITLE STATEMENT
Title শতাব্দীর প্রেক্ষিতে ভারতের আর্থিক বিকাশ /
Statement of responsibility, etc. অম্লান দত্ত.
300 ## - PHYSICAL DESCRIPTION
Pagination ৯৬ পৃ. ;
Size ২১ সেমি.
490 ## - SERIES STATEMENT
Series statement অথনীতি গ্রন্থমালা ৬ সিরিজ
504 ## - BIBLIOGRAPHY, ETC. NOTE
Bibliography, etc নির্ঘণ্ট সংযুক্ত
650 ## - SUBJECT ADDED ENTRY--TOPICAL TERM
Topical term or geographic name as entry element অর্থনৈতিক প্রবৃদ্ধি
Geographic subdivision ভারত
9 (RLIN) 143489
Topical term or geographic name as entry element economic growth
Geographic subdivision India
9 (RLIN) 143490
942 ## - ADDED ENTRY ELEMENTS (KOHA)
Source of classification or shelving scheme Dewey Decimal Classification
Koha item type Books
Holdings
Lost status Source of classification or shelving scheme Damaged status Not for loan Collection code Permanent Location Current Location Shelving location Date acquired Source of acquisition Cost, normal purchase price Total Checkouts Full call number Date last seen Copy number Koha item type
  Dewey Decimal Classification     Non-fiction Central Library, University of Rajshahi Central Library, University of Rajshahi   29/01/1997 Aunkur prokasoni 30.00   B 338.10954 DAS 1988 07/08/2016 C-2 Books